[Event "🏆Only Best Player more then 2400 rating (2"]
[Site "SchemingMind.com"]
[Date "2018.12.01"]
[Round "-"]
[White "frankly"]
[Black "Jari Laine"]
[Result "1/2-1/2"]
[WhiteCountry "ENG"]
[BlackCountry "FIN"]
[WhiteElo "2550"]
[WhiteRD "63"]
[BlackElo "2505"]
[BlackRD "74"]
[GameID "435278"]

1. d4 Nf6 2. c4 g6 3. Nc3 d6 4. e4 Bg7 5. Nf3 O-O 6. Be2 e5 7. O-O Nc6 8. d5 Ne7 9. b4 Nh5 10. Re1 f5
11. Ng5 Nf6 12. Bf3 c6 13. exf5 gxf5 14. dxc6 bxc6 15. b5 h6 16. Nh3 d5 17. cxd5 cxd5 18. Ba3 e4 19. Nf4 Re8 20. Bh5 Nxh5
21. Qxh5 d4 22. Nce2 d3 23. Nc3 Rf8 24. Rad1 Rf7 25. Re3 Bb7 26. Rg3 Qd4 27. Rc1 Rc8 28. Nd1 Rxc1 29. Bxc1 Qd6 30. h4 Bd5
31. Bb2 Bxa2 32. Ng6 f4 33. Nxe7+ Qxe7 34. Rxg7+ Rxg7 35. Bxg7 Kxg7 36. Qg4+ Kh7 37. Qxf4 Bf7 38. Nc3 Bg6 39. h5=
1/2-1/2

[Event "🏆Only Best Player more then 2400 rating (2"]
[Site "SchemingMind.com"]
[Date "2018.11.30"]
[Round "-"]
[White "frankly"]
[Black "Juan Jose Rivas Maceda"]
[Result "1/2-1/2"]
[WhiteCountry "ENG"]
[BlackCountry "PER"]
[WhiteElo "2544"]
[WhiteRD "63"]
[BlackElo "2574"]
[BlackRD "87"]
[GameID "435279"]

1. e4 e5 2. Nf3 Nc6 3. Bb5 a6 4. Ba4 Nf6 5. O-O Be7 6. Re1 b5 7. Bb3 O-O 8. c3 d5 9. exd5 Nxd5 10. Nxe5 Nxe5
11. Rxe5 c6 12. Re1 Bd6 13. d4 Qh4 14. g3 Qh3 15. Be3 Bg4 16. Qd3 Rae8 17. Nd2 Re6 18. a4 Qh5 19. Bxd5 Qxd5 20. Qf1 Bb8
21. c4 bxc4 22. Qxc4 Bd6 23. Rac1 Be7 24. Bf4 Rxe1+ 25. Rxe1 Be6 26. Qxd5 cxd5 27. Nb3 g5 28. Bc1 Bf6 29. Nc5 Bxd4 30. Nxa6 Rc8
31. Nb4 h6 32. a5 Bg7 33. a6 Ra8 34. Rd1 Kh7 35. Be3 Bf8 36. Nxd5 Rxa6 37. Nc7 Bb3 38. Nxa6 Bxd1 39. Nc5 Bg7 40. b4 Be2
41. Nb7 Kg6 42. f4 gxf4 43. gxf4 Bc3 44. Bc5 Bc4 45. Kf2=
1/2-1/2

[Event "🏆Only Best Player more then 2400 rating (2"]
[Site "SchemingMind.com"]
[Date "2018.11.30"]
[Round "-"]
[White "John Elburg"]
[Black "frankly"]
[Result "1/2-1/2"]
[WhiteCountry "NED"]
[BlackCountry "ENG"]
[WhiteElo "2535"]
[WhiteRD "102"]
[BlackElo "2538"]
[BlackRD "63"]
[GameID "435280"]

1. e4 e5 2. Nf3 Nc6 3. Bb5 a6 4. Ba4 Nf6 5. O-O Be7 6. Re1 b5 7. Bb3 d6 8. h3 Na5 9. d4 exd4 10. e5 dxe5
11. Nxe5 O-O 12. Bd2 b4 13. a3 Bb7 14. Ba2 Nc6 15. Nxc6 Bxc6 16. axb4 Nd5 17. Bc4 Bxb4 18. Rxa6 Rxa6 19. Bxa6 Bd6 20. Bd3 Qf6
21. Be4 Ne3 22. Bxe3 dxe3 23. Rxe3 Bxe4 24. Rxe4 Bc5 25. Qe1=
1/2-1/2

[Event "🏆Only Best Player more then 2400 rating (2"]
[Site "SchemingMind.com"]
[Date "2018.11.30"]
[Round "-"]
[White "Rod  Ewan"]
[Black "frankly"]
[Result "1/2-1/2"]
[WhiteCountry "ENG"]
[BlackCountry "ENG"]
[WhiteElo "2534"]
[WhiteRD "101"]
[BlackElo "2550"]
[BlackRD "63"]
[GameID "435281"]

1. e4 c5 2. Nf3 Nc6 3. d4 cxd4 4. Nxd4 e5 5. Nb5 d6 6. N1c3 a6 7. Na3 b5 8. Nd5 Nge7 9. Bd3 Nxd5 10. exd5 Ne7
11. c4 g6 12. cxb5 Bg7 13. O-O O-O 14. Re1 Bb7 15. bxa6 Bxa6 16. Bxa6 Rxa6 17. Nb5 Qb6 18. a4 Qb7 19. Ra3 Rfa8 20. Nc3 Nf5
21. Rb3 Qd7 22. Rb4 Nd4 23. Bd2 Rc8 24. Be3 Raa8 25. h3 Qc7 26. Qd3 h5 27. Rc1 f5 28. Kh2 Qd7 29. f3 Kh7 30. f4 Qc7
31. Nb5 Qa5 32. Rxc8 Rxc8 33. Bd2 Qa6 34. Bc3 e4 35. Qd2 Nxb5 36. Bxg7 Kxg7 37. Rxb5 Kh6 38. Qd4 Rg8 39. Qb4 h4 40. Qe1 Re8
41. Qxh4+ Kg7 42. Rb3 e3 43. Rc3 Qa7 44. Rc1 e2 45. b4 Rh8 46. Qg3 Re8 47. Qh4 Rh8 48. Qg3 Kf7 49. a5 Re8 50. Qh4 Qe3=
51. Re1 Qd3 52. Qh7+ Kf6 53. Qd7 Qe3 54. Qxd6+ Kf7 55. Qc7+ Re7 56. Qc5 Qxf4+ 57. g3 Qd2 58. Qf2 Qxb4 59. d6 Qxd6 60. Rxe2 Rxe2
61. Qxe2 Qd4 62. h4 f4 63. a6 fxg3+ 64. Kxg3 Kg7 65. Qb5 Qe3+ 66. Kg2 Qe4+ 67. Kf1 Qxh4 68. a7 Qf4+ 69. Kg2=
1/2-1/2

[Event "🏆Only Best Player more then 2400 rating (2"]
[Site "SchemingMind.com"]
[Date "2018.12.01"]
[Round "-"]
[White "frankly"]
[Black "Professor"]
[Result "1/2-1/2"]
[WhiteCountry "ENG"]
[BlackCountry "USA"]
[WhiteElo "2587"]
[WhiteRD "68"]
[BlackElo "2551"]
[BlackRD "79"]
[GameID "435282"]

1. d4 Nf6 2. Nf3 e6 3. c4 Bb4+ 4. Nbd2 d6 5. e3 O-O 6. a3 Bxd2+ 7. Qxd2 Nbd7 8. Be2 a5 9. b3 Qe7 10. Qc3 e5
11. O-O Re8 12. Bb2 b6 13. Rfe1 Bb7 14. Nd2 Ne4 15. Nxe4 Bxe4 16. f3 Bg6 17. Bf1 h6 18. Qd2 Qg5 19. Qf2 exd4 20. exd4 Qf5
21. Rac1 Nf6 22. g4 Qf4 23. Bc3 Rxe1 24. Rxe1 d5 25. h4 c6 26. c5 Qb8 27. h5 Bh7 28. cxb6 Qxb6 29. b4 axb4 30. Bxb4 Nd7
31. Qd2 Nf8 32. g5 Qc7 33. gxh6 Ne6 34. Bh3 Nf4 35. Kh1 Nxh5 36. Bg4 Bg6 37. Bxh5 Bxh5 38. Kg2 Qd7 39. Qg5 Bg6 40. hxg7=
1/2-1/2

[Event "🏆Only Best Player more then 2400 rating (2"]
[Site "SchemingMind.com"]
[Date "2018.12.01"]
[Round "-"]
[White "kibic"]
[Black "frankly"]
[Result "1/2-1/2"]
[WhiteCountry "INT"]
[BlackCountry "ENG"]
[WhiteElo "2542"]
[WhiteRD "80"]
[BlackElo "2550"]
[BlackRD "63"]
[GameID "435283"]

1. e4 c5 2. Nf3 Nc6 3. d4 cxd4 4. Nxd4 e5 5. Nb5 d6 6. N1c3 a6 7. Na3 b5 8. Nd5 Nf6 9. Bg5 Be7 10. Bxf6 Bxf6
11. c3 O-O 12. Nc2 Rb8 13. h4 g6 14. g3 Bg7 15. h5 Ne7 16. Nce3 Bb7 17. Qd3 Nxd5 18. Nxd5 Rc8 19. Bg2 Bxd5 20. Qxd5 Rc5
21. Qd3 d5 22. exd5 Qd6 23. hxg6 hxg6 24. g4 b4 25. cxb4 Rc7 26. Qe4 Rfc8 27. b3 Rc2=
1/2-1/2

[Event "🏆Only Best Player more then 2400 rating (2"]
[Site "SchemingMind.com"]
[Date "2018.11.30"]
[Round "-"]
[White "Ramesh Panwar"]
[Black "frankly"]
[Result "1/2-1/2"]
[WhiteCountry "IND"]
[BlackCountry "ENG"]
[WhiteElo "2529"]
[WhiteRD "71"]
[BlackElo "2538"]
[BlackRD "63"]
[GameID "435284"]

1. e4 e5 2. Nf3 Nc6 3. Bb5 a6 4. Ba4 Nf6 5. O-O Be7 6. Re1 b5 7. Bb3 O-O 8. c3 d5 9. exd5 Nxd5 10. Nxe5 Nxe5
11. Rxe5 c6 12. Re1 Bd6 13. d4 Qh4 14. g3 Qh3 15. Qe2 Bg4 16. Qf1 Qh5 17. Nd2 Rae8 18. Rxe8 Rxe8 19. f3 Bh3 20. Qf2 Bf5
21. Nf1 Qg6 22. Bxd5 cxd5 23. Ne3 h5 24. Ng2 Bd3 25. Be3 b4 26. cxb4 Bxb4 27. a3 Ba5 28. Rc1 Qd6 29. b4 Bb6 30. Qd2 Bc4
31. Re1 Qf6 32. Bf2 Rxe1+ 33. Nxe1 h4 34. gxh4 Bc7 35. Bg3 Bb6 36. Bf2 Bc7 37. Bg3 Bb6 38. Bf2
1/2-1/2

[Event "🏆Only Best Player more then 2400 rating (2"]
[Site "SchemingMind.com"]
[Date "2018.12.05"]
[Round "-"]
[White "frankly"]
[Black "WHvVugt"]
[Result "1/2-1/2"]
[WhiteCountry "ENG"]
[BlackCountry "NED"]
[WhiteElo "2550"]
[WhiteRD "63"]
[BlackElo "2552"]
[BlackRD "122"]
[GameID "435285"]

1. e4 c5 2. Nf3 Nc6 3. d4 cxd4 4. Nxd4 Nf6 5. Nc3 e5 6. Ndb5 d6 7. Bg5 a6 8. Na3 b5 9. Nd5 Be7 10. Bxf6 Bxf6
11. c3 Bg5 12. Nc2 Ne7 13. h4 Bh6 14. a4 bxa4 15. Ncb4 O-O 16. Qxa4 a5 17. Bb5 Nxd5 18. Nxd5 Be6 19. Bc6 Rb8 20. b4 axb4
21. cxb4 Kh8 22. b5 Bxd5 23. Bxd5 Qb6 24. O-O Qxb5 25. Qxb5 Rxb5 26. Ra6 g6 27. Rxd6 Rc5 28. Rd7 Kg7 29. g4=
1/2-1/2

[Event "🏆Only Best Player more then 2400 rating (2"]
[Site "SchemingMind.com"]
[Date "2018.12.02"]
[Round "-"]
[White "frankly"]
[Black "Keithk"]
[Result "1/2-1/2"]
[WhiteCountry "ENG"]
[BlackCountry "ENG"]
[WhiteElo "2544"]
[WhiteRD "63"]
[BlackElo "2540"]
[BlackRD "61"]
[GameID "435286"]

1. d4 d5 2. Nf3 Nf6 3. c4 e6 4. Nc3 c6 5. Bg5 h6 6. Bxf6 Qxf6 7. e3 Nd7 8. Bd3 dxc4 9. Bxc4 g6 10. e4 e5
11. O-O Bg7 12. d5 Nb6 13. Nd2 O-O 14. Bb3 h5 15. Qe2 Bg4 16. f3 Bd7 17. Rad1 Rfd8 18. Kh1 Qe7 19. Nc4 Nxc4 20. Bxc4 Be8
21. a3 Rac8 22. g3 a5 23. Ba2 h4 24. f4 exf4 25. gxf4 Bxc3 26. bxc3 cxd5 27. Bxd5 Rxc3 28. Qd2 Rdc8 29. f5 Kh7 30. Rg1 Rh3
31. Rg4 Rcc3 32. Rdg1 Rcg3 33. fxg6+ fxg6 34. R4xg3=
1/2-1/2